000 01004nam a2200277Ia 4500
003 GCL
008 140319s9999 xx 000 0 ara d
040 _aGCL /
_cGCL
082 0 4 _a330.09538
_bح ا
100 1 _aحسين طه الفقير
245 1 0 _aالاقتصاد الكويتى والاموال العربية قبل الغزو العراقى وتحديات ما بعد التحرير :
_bرؤية تخطيطية /
_cحسين طه الفقير
700 1 _aعبدالرحمن العوضى
260 _aالقاهرة :
_bمركز البحوث والدراسات الكويتية ،
_c1994
300 _a352 ص ؛
_c24 سم
490 _aكتاب
_v0
650 0 4 _aالكويت
650 0 4 _aالاقتصاد
650 0 4 _aالتجارة
650 0 4 _aالبترول
650 0 4 _aالنقود
650 0 4 _aالتجارة الخارجية
650 0 4 _aالمالية
650 0 4 _aالسكان
650 0 4 _aالاحتلال العراقى (1990 - 1991)
942 _2ddc
_cBK
999 _c41054
_d41054